000
00295cam a22001097a 4500
008
180718b1995 xxu||||| |||| 00| 0 eng d
100
_a
Kapoor, B.B.S.
245
_a
Paryaverniye gyankoush
_c
by B.B.S.Kapoor
260
_a
Rajasthan
_b
Madhu Publication
_c
1995
300
_a
136p.
650
_a
Gyankoush
999
_c
439417
_d
439417